000 01508cam a2200409 a 4500
001 7918111
003 OSt
005 20211119161555.0
006 m d
007 cr n
008 081104s2009 gw a sb 001 0 eng d
015 _a991135873
_2dnb
020 _a9783540899143
035 _a(WaSeSS)ssj0000317886
038 _aKhadija
040 _aYDXCP
_cYDXCP
_dBWX
_dUUM
_dWAU
_dGBVCP
_dDLC
_dWaSeSS
042 _alccopycat
050 4 _aQA279.6
_b.S45 2009
082 _a629.89
_bSEN
100 1 _aSengupta, Atanu.
_984699
210 1 0 _aFuzzy preference ordering of interval numbers in decision problems
245 1 0 _aFuzzy Preference Ordering of Interval Numbers in Decision Problems /
_cAtanu Sengupta and Tapan Kumar Pal.
260 _aBerlin :
_bSpringer,
_cc2009
490 1 _aStudies in Fuzziness and Soft Computing ; 238
504 _aIncludes bibliographical references and index.
506 _aLicense restrictions may limit access.
563 _aHB
650 0 _aFuzzy decision making.
_984700
650 0 _aInterval analysis (Mathematics)
_984701
650 0 _aFuzzy sets.
_984702
700 1 _aPal, Tapan Kumar.
_984703
773 0 _tSpringerLink ebooks - Engineering (2009)
830 0 _aStudies in fuzziness and soft computing ;
_vv. 238.
_984704
856 4 0 _uhttp://www.columbia.edu/cgi-bin/cul/resolve?clio7918111
_zFull text available from SpringerLink ebooks - Engineering (2009)
910 _aLibrary of Congress record
942 _2ddc
_cBK
999 _c31914
_d31914